Úprava náhrady za straty na zárobku po skončení dočasnej pracovnej neschopnosti ...

Náhrada za stratu na zárobku podľa ustanovenia par. 195 zákonníka práce. Zákony a opatrenia MPSVR SR upravujúce náhradu za stratu na zárobku po skončení dočasnej pracovnej neschopnosti vzniknutej pracovným úrazom alebo chorobou z povolania.

Guardado en:
Detalles Bibliográficos
Formato: Capítulo de libro
Lenguaje:eslovaco
Materias:
Etiquetas: Agregar Etiqueta
Sin Etiquetas, Sea el primero en etiquetar este registro!

MARC

LEADER 00000naa a2200000 4500
001 r035888
005 20230926081646.1
041 0 |a slo 
044 |a SK 
245 1 0 |a Úprava náhrady za straty na zárobku po skončení dočasnej pracovnej neschopnosti ... 
520 |a Náhrada za stratu na zárobku podľa ustanovenia par. 195 zákonníka práce. Zákony a opatrenia MPSVR SR upravujúce náhradu za stratu na zárobku po skončení dočasnej pracovnej neschopnosti vzniknutej pracovným úrazom alebo chorobou z povolania. 
610 2 0 |a náhrada mzdy 
610 2 0 |a práceneschopnosť 
610 2 0 |a úrazy pracovné 
610 2 0 |a choroby z povolania 
610 2 0 |a úpravy právne 
610 2 0 |a zákonník práce 
610 2 0 |a opatrenia 
610 2 0 |a MPSVR SR Bratislava 
610 2 0 |a 1995-1999